000
00282nam a2200121Ia 4500
008
240624s9999 xx 000 0 und d
041
_a
eng
082
_a
659.1 OGI
100
_a
OGILVY DAVID
245
_a
OGILVY ON ADVERTISING
260
_a
New York
_b
Carlton Books
365
_c
_b
26
999
_c
22878
_d
22878